000 00496nmm a2200169Ia 4500
008 251105s9999||||xx |||||||||||||||||und||
020 _a9789587386295
041 _aspa
100 _aCorrea Valenzuela, Gustavo Andrés
245 0 _aAnulabilidad de las cláusulas abusivas
264 _a[Bogotá, Colombia] :
_bUniversidad del Rosario,
_c2015
300 _a124 páginas
490 _aÓpera Prima
650 _aLaw
856 _uhttps://public.digitaliapublishing.com/a/46527
942 _cCF
999 _c95832
_d95832